000 00535cam a22001931 4500
001 sa 64007969
003 DLC
005 20260227112051.0
008 890331q io c 000 0 ind
010 _asa 64007969
035 _a(OCoLC)23544084
040 _aDLC
_cMiU
_dOCoLC
_dDLC
042 _apremarc
050 0 0 _aDK275.K5
_bA347
100 1 _aKhrushchev, Nikita Sergeevich,
_d1894-1971.
245 1 0 _aTentang gerakan pembebasan nasional
260 _aDjakarta,
_bSumber Tjahaja
_c[cover 1964]
300 _a94 p.
_bport.
_c21 cm.
999 _c60612
_d60612